000 00990nam a2200265 i 4500
001 bg
245 0 0 _aVademecum - źródła informacji o Unii Europejskiej /
_c[koordynacja i oprac. Anna Kierzkowska, Elżbieta Ławor] ; Biblioteka Depozytowa Wspólnot Europejskich. Urząd Komitetu Integracji Europejskiej.
250 _aWyd. 3.
260 _aWarszawa :
_bUKIE. Departament Analiz Ekonomicznych i Spoecznych,
_c2004.
300 _a479 s. ;
_c12 cm.
500 _a15 poz. wydawnicza.
610 2 9 _aUnia Europejska
_xstrony WWW
650 9 _aŹródła informacji
655 _aInformatory
700 1 _aKIERZKOWSKA, Anna.
_eop.
700 1 _aŁAWOR, Elżbieta.
_eOprac.
710 _aPolska
_bUrząd Komitetu Integracji Europejskiej
_bBiblioteka Depozytowa Wspólnot Europejskich
020 _a8389972190
040 _cBPK
041 0 _apol
080 _a339.923:061.1A/Z](4-67)(058):002
920 _a83-89972-19-0
942 _cKS
008 s pl f |000 0 pol
999 _c52629
_d52629
856 _uhttp://koha.tu.koszalin.pl/cgi-bin/koha/opac-detail.pl?biblionumber=52629
_yKatalog online BPK